00798nam a2200145Ia 4500003000400000020001800004082001200022100002000034245002800054250001200082260002600094300001000120650002400130653049800154SGT a9780070702134 a531,KIT aKITTEL, CHARLES aBERKELEY PHYSICS COURSE a2nd Ed. bNEW DELHI.aTMHc2013 a451p. aCLASSICAL MECHANICS a1. INTRODUCTION 2. VECTORS 3. NEWTON’S LAWS OF MOTION 4. FRAMES OF REFERENCE: GALILEAN TRANSFORMATION 5. CONSERVATION OF ENERGY 6. CONSERVATION OF LINEAR AND ANGULAR MOMENTUM 7. HARMONIC OSCILLATOR: PROPERTIES AND EXAMPLES 8. ELEMENTARY DYNAMICS OF RIGID BODIES 9. INVERSE-SQUARE-LAW FORCE 10. THE SPEED OF LIGHT 11. SPECIAL RELATIVITY: THE LORENTZ TRANSFORMATION 12. RELATIVISTIC DYNAMICS: MOMENTUM AND ENERGY 13. PROBLEMS IN RELATIVISTIC DYNAMICS 14. PRINCIPLE OF EQUIVALENCE